书目信息 |
| 题名: |
园林设计树种手册
|
|
| 作者: | 郭成源 编著 | |
| 分册: | ||
| 出版信息: | 北京 中国建筑工业出版社 2006.11 |
|
| 页数: | 664页 | |
| 开本: | 21cm | |
| 丛书名: | 风景园林手册系列 | |
| 单 册: | ||
| 中图分类: | S680.29-62 | |
| 科图分类: | ||
| 主题词: | 园林树木--yuan lin shu mu--树种--手册 | |
| 电子资源: | ||
| ISBN: | 7-112-08455-5 | |
| 000 | 00987nam 2200253 450 | |
| 001 | 012006143795 | |
| 005 | 20070531155115.64 | |
| 010 | @a7-112-08455-5@b精装@dCNY148.00 | |
| 100 | @a20061224d2006 km y0chiy0120 ea | |
| 101 | 0 | @achi |
| 102 | @aCN@b110000 | |
| 105 | @aa a 000yy | |
| 200 | 1 | @a园林设计树种手册@Ayuan lin she ji shu zhong shou ce@f郭成源等编著@Fguo cheng yuan deng bian zhu |
| 210 | @a北京@c中国建筑工业出版社@d2006.11 | |
| 215 | @a664页@c图@d21cm | |
| 225 | 2 | @a风景园林手册系列@Afeng jing yuan lin shou ce xi lie |
| 320 | @a有书目 (第663页)。 | |
| 330 | @a本书作者历经5年多的时间,对我国南北各地观赏价值较突出的600多种园林树木同季相、不同观赏部位进行系统拍照,对每一观赏树种分别用3~4张高清晰色彩图片来展示其形态特征及景观观赏效果。 | |
| 410 | 0 | @12001 @a风景园林手册系列 |
| 606 | 0 | @a园林树木@Ayuan lin shu mu@x树种@j手册 |
| 690 | @aS680.29-62@v4 | |
| 701 | 0 | @a郭成源@Aguo cheng yuan@4编著 |
| 801 | 0 | @aCN@c20070531 |
| 905 | @b233456@dS680.29-62@eG788 | |
| 园林设计树种手册/郭成源等编著.-北京:中国建筑工业出版社,2006.11 |
| 664页:图;21cm.-(风景园林手册系列) |
| ISBN 7-112-08455-5(精装):CNY148.00 |
| 本书作者历经5年多的时间,对我国南北各地观赏价值较突出的600多种园林树木同季相、不同观赏部位进行系统拍照,对每一观赏树种分别用3~4张高清晰色彩图片来展示其形态特征及景观观赏效果。 |
| ● |
| 相关链接 |
|
|
|
正题名:园林设计树种手册
索取号:S680.29-62/G788
 
预约/预借
| 序号 | 登录号 | 条形码 | 馆藏地/架位号 | 状态 | 备注 |
| 1 | 233456 | 202334562 | 自科库401/401自科库 68排1列4层/ [索取号:S680.29-62/G788] | 在馆 |